| Tag |
First Indicator |
Second Indicator |
Subfields |
| LEADER |
00000cam a2200000 4500 |
| 001 |
in00000039056 |
| 005 |
20151007081456.0 |
| 008 |
760601s1936 xx 00000 eng |
| 010 |
|
|
|a 36007913
|
| 035 |
|
|
|a (OCoLC)02204218
|
| 035 |
|
|
|9 AAF6439AM
|
| 040 |
|
|
|a DLC
|c TOL
|d TXA
|d UtOrBLW
|
| 049 |
|
|
|a TXAM
|c [94142]
|
| 050 |
0 |
0 |
|a HQ728
|b .A73
|
| 092 |
|
|
|a 173
|b A583f
|
| 100 |
1 |
|
|a Angell, Robert Cooley,
|d 1899-1984.
|
| 245 |
1 |
4 |
|a The family encounters the depression /
|c [by] Robert Cooley Angell ...
|
| 264 |
|
1 |
|a New York,
|a Chicago [etc.] :
|b C. Scribner's sons,
|c [1936]
|
| 264 |
|
4 |
|c [©1936]
|
| 300 |
|
|
|a 4 preliminary leaves, 309 pages ;
|c 20 cm.
|
| 336 |
|
|
|a text
|b txt
|2 rdacontent
|
| 337 |
|
|
|a unmediated
|b n
|2 rdamedia
|
| 338 |
|
|
|a volume
|b nc
|2 rdacarrier
|
| 500 |
|
|
|a "The present study ... has sought to find out something about the effect of the depression on family life, and ... to make a contribution to the theory and method of social research." --page 1.
|
| 504 |
|
|
|a "Appendix on method": pages 265-307.
|
| 650 |
|
0 |
|a Families.
|
| 650 |
|
0 |
|a Adaptability (Psychology)
|
| 650 |
|
0 |
|a Social psychology.
|
| 650 |
|
0 |
|a Sociology
|x Methodology.
|
| 651 |
|
0 |
|a United States
|x Social conditions.
|
| 999 |
|
|
|a MARS
|
| 999 |
f |
f |
|s df12e38e-a980-393b-a3a2-49ca925ed4e1
|i 24e36f11-e102-3f87-896e-322e8c66f7e8
|t 0
|
| 952 |
f |
f |
|p ric
|a Texas A&M University
|b Rellis Campus
|c Joint Library Facility
|s JLF
|d Remote Storage
|t 0
|e HQ728 .A73
|h Library of Congress classification
|i unmediated -- volume
|m A14800534894
|
| 998 |
f |
f |
|a HQ728 .A73
|t 0
|l Remote Storage
|